000 00878nam a2200205Ii 4500
003 JO-AjNU
008 230605s9999||||xx |||||||||||||| ||und||
017 _a138/1985
040 _aJO-AjNU
_bara
_erda
_cJO-AjNU
041 _aara
050 1 4 _aPJ751.B3334 1984
100 3 _aتحقيق القيسي،نوري حمود؛ تحقيق حاتم صالح الضامن,
_eauthor
_918894
245 0 0 _aالتذكرة الفخرية للصاحب بهاء الدين المنشي الاربلى المتوفي سنة792هـ
264 3 1 _aبغداد: مطبعة المجمع العلمي العراقي، 1984
300 _a559ص
336 _atext
_btxt
_2rdacontent
337 _aunmediated
_bn
_2rdamedia
338 _avolume
_bnc
_2rdacarrier
650 4 _aالتذكرة الفخرية للصاحب بهاء الدين المنشي الاربلى المتوفي سنة792هـ
_918895
999 _aA6128
_c9696
_d9696